000 00601nam a2200193Ia 4500
003 GCL
008 140319s9999 xx 000 0 ara d
040 _aGCL /
_cGCL
082 0 4 _a364.374
_bس ز
100 1 _aسراج الدين الروبى
245 1 0 _aزوجات قاتلات /
_cسراج الدين الروبى
250 _aالاولى
260 _aالقاهرة :
_bالدار المصرية اللبنانية ،
_c2001
300 _aمتعدد ؛
_c24 سم
650 0 4 _aالقتل
650 0 4 _aجرائم القتل
650 0 4 _aالمرأة والجريمة
942 _2ddc
_cBK
999 _c5353
_d5353